Statistics for Russia languages

Click here to take the quiz!

General Stats

  • This quiz has been taken 769 times
    (767 since last reset)
  • The average score is 6 of 26

Answer Stats

Native SpeakerLanguage% Correct
140,000,000Russian
100%
6,350,000Tatar
69%
1,300,000Chechen
54%
1,640,000Chuvash
39%
1,450,000Bashkir
37%
440,000Yakut
37%
400,000Mari
32%
430,000Udmurt
32%
360,000Buryat
30%
390,000Ingush
30%
150,000Kalmyk
30%
784,000Avar
20%
120,000Adyghe
16%
350,000Erzya
16%
65,000Altai
15%
210,000Moksha
15%
550,000Kabardian
11%
410,000Kumyk
10%
450,000Ossetic
10%
240,000Tuvin
8%
300,000Karachay-Balkar
7%
370,000Lezgian
7%
500,000Dargwa
6%
140,000Lak
6%
200,000Komi-Zyrian
4%
120,000Tabassaran
3%

Score Distribution

Percentile by Number Answered

Percent of People with Each Score

Your Score History

You have not taken this quiz since the last reset